| 000 | 01335nam a2200325Ia 4500 | ||
|---|---|---|---|
| 001 | ebr10367480 | ||
| 003 | CaPaEBR | ||
| 006 | m u | ||
| 007 | cr cn||||||||| | ||
| 008 | 960227s1997 ncuab sb 001 0 eng d | ||
| 010 | _z 96010889 | ||
| 020 | _z9780807846094 | ||
| 020 | _z9780807898970 | ||
| 020 | _z080782299X (cloth : alk. paper) | ||
| 020 | _z0807846090 (pbk. : alk. paper) | ||
| 040 |
_aCaPaEBR _cCaPaEBR |
||
| 035 | _a(OCoLC)593295722 | ||
| 050 | 1 | 4 |
_aHX653 _b.A63 1997eb |
| 245 | 0 | 0 |
_aAmerica's communal utopias _h[electronic resource] / _cedited by Donald E. Pitzer ; foreword by Paul S. Boyer. |
| 260 |
_aChapel Hill : _bUniversity of North Carolina Press, _cc1997. |
||
| 300 |
_axxi, 537 p. : _bill., maps. |
||
| 504 | _aIncludes bibliographical references (p. 495-505) and index. | ||
| 533 |
_aElectronic reproduction. _bPalo Alto, Calif. : _cebrary, _d2010. _nAvailable via World Wide Web. _nAccess may be limited to ebrary affiliated libraries. |
||
| 650 | 0 |
_aCollective settlements _zUnited States _xHistory. |
|
| 650 | 0 |
_aCommunitarianism _zUnited States. |
|
| 655 | 7 |
_aElectronic books. _2local |
|
| 700 | 1 | _aPitzer, Donald E. | |
| 710 | 2 | _aebrary, Inc. | |
| 856 | 4 | 0 |
_uhttp://site.ebrary.com/lib/rucke/Doc?id=10367480 _zAn electronic book accessible through the World Wide Web; click to view |
| 999 |
_c213369 _d213369 |
||